[Event "Xtracon Chess Open 2017"]
[Site "Helsingor DEN"]
[Date "2017.07.23"]
[Round "3.206"]
[White "Pouliart, Sander"]
[Black "Christensen, John Christopher Hojstrup"]
[Result "1-0"]
[WhiteElo "1236"]
[BlackElo "1603"]
[WhiteFideId "251062"]
[BlackFideId "1453947"]
[EventDate "2017.07.22"]

1. c4 e5 2. g3 Bc5 3. Bg2 f5 4. e4 fxe4 5. Qh5+ Kf8 6. Qxe5 d6 7. Qf4+ Nf6 8.
Nc3 Kf7 9. Bxe4 Re8 10. Nf3 Nc6 11. O-O Kg8 12. Re1 Bd7 13. Bd5+ Kh8 14. Rxe8+
Qxe8 15. d4 Bb6 16. Ng5 Qe1+ 17. Kg2 Nxd5 18. Nxd5 Nxd4 19. Be3 Qxa1 20. Nxb6
axb6 21. Bxd4 Bc6+ 22. Kh3 Qf1+ 23. Kh4 h6 24. Bxg7+ 1-0

[Event "Xtracon Chess Open 2017"]
[Site "Helsingor DEN"]
[Date "2017.07.23"]
[Round "3.207"]
[White "Joensen, Jon Magnus"]
[Black "Gelders, Hanne"]
[Result "0-1"]
[WhiteElo "1600"]
[BlackElo "1206"]
[WhiteFideId "7201915"]
[BlackFideId "249033"]
[EventDate "2017.07.22"]

1. e4 d5 2. e5 c5 3. Bb5+ Bd7 4. Bxd7+ Nxd7 5. Nf3 g6 6. c3 Bg7 7. d4 e6 8. O-O
Ne7 9. Bg5 O-O 10. Re1 Re8 11. Nbd2 b5 12. a3 Qb6 13. Nf1 Rac8 14. Rc1 Nc6 15.
Qd2 Na5 16. Rb1 Nc4 17. Qf4 b4 18. axb4 cxb4 19. N3d2 bxc3 20. bxc3 Qa5 21. Rec1
Na3 22. Rb3 Nb5 23. Qe3 f6 24. exf6 Nxf6 25. f4 h6 26. Bh4 Nd7 27. Nf3 Nb6 28.
Qd3 Nc4 29. Qxg6 Ncd6 30. Bf6 Qc7 31. Be5 Qf7 32. Qxf7+ Kxf7 33. Bxg7 Kxg7 34.
Ne5 Nxd4 35. Rb2 Ne4 36. Rb7+ Kg8 37. Ra1 Ne2+ 38. Kh1 Nf2# 0-1

[Event "Xtracon Chess Open 2017"]
[Site "Helsingor DEN"]
[Date "2017.07.23"]
[Round "3.208"]
[White "Jacobsen, Stig Jerlow"]
[Black "Tryggestad, Linnea Garberg"]
[Result "0-1"]
[WhiteElo "1209"]
[BlackElo "1597"]
[WhiteFideId "1519816"]
[BlackFideId "1518623"]
[EventDate "2017.07.22"]

1. d4 Nf6 2. Nf3 g6 3. e3 d5 4. b3 Bg7 5. Bb2 O-O 6. Bd3 Bg4 7. h3 Bxf3 8. Qxf3
c6 9. O-O Nbd7 10. Nd2 Qc7 11. Qe2 e5 12. dxe5 Nxe5 13. Bxe5 Qxe5 14. f4 Qe7 15.
f5 Nh5 16. Rab1 Ng3 17. Qf3 Nxf1 18. Rxf1 Bh6 19. Re1 d4 20. Nc4 b5 21. Na5 Qb4
22. Re2 Bxe3+ 23. Kh1 Qxa5 24. f6 Rfe8 25. h4 b4 26. g4 Qxa2 27. Rg2 Qa1+ 28.
Kh2 Qe1 29. Qh3 Bf4+ 30. Rg3 Qf2+ 31. Qg2 Bxg3+ 32. Kh1 Re1+ 33. Qg1 0-1

[Event "Xtracon Chess Open 2017"]
[Site "Helsingor DEN"]
[Date "2017.07.23"]
[Round "3.209"]
[White "Persson, Lars 1958"]
[Black "Erikstad, Anders"]
[Result "1-0"]
[WhiteElo "1590"]
[BlackElo "1166"]
[WhiteFideId "1742469"]
[BlackFideId "1530445"]
[EventDate "2017.07.22"]

1. d4 d5 2. Bf4 Nf6 3. e3 Bf5 4. Nf3 e6 5. Bd3 Bxd3 6. Qxd3 Nc6 7. c3 Bd6 8. Bg3
Ne4 9. Bxd6 Qxd6 10. Nbd2 Nf6 11. O-O O-O 12. Rac1 Ne7 13. Rfe1 c6 14. e4 dxe4
15. Nxe4 Nxe4 16. Rxe4 Nf5 17. Rce1 Rfe8 18. Nh4 Nxh4 19. Rxh4 h6 20. Re3 Qe7
21. Reh3 Qg5 22. f4 Qg6 23. Qxg6 fxg6 24. Rg4 Kf7 25. Rhg3 Rg8 26. Rxg6 Rae8 27.
h4 Rd8 28. h5 Rd5 29. Re3 Re8 30. Re5 Rxe5 31. fxe5 Rg8 32. Kf2 Ke7 33. Ke3 Kf7
34. Ke4 Re8 35. c4 Rd8 36. Rg3 Kg8 37. Rf3 b6 38. g4 Rd7 39. Rf2 Rd8 40. Rd2 Kh7
41. d5 g6 42. d6 gxh5 43. gxh5 Kg7 44. Rf2 Rd7 45. Rf6 Kh7 46. Rxe6 Rg7 47. Re7 1-0

[Event "Xtracon Chess Open 2017"]
[Site "Helsingor DEN"]
[Date "2017.07.23"]
[Round "3.210"]
[White "Jensen, Johannes Frank"]
[Black "Rasmussen, Ole"]
[Result "0-1"]
[WhiteElo "1170"]
[BlackElo "1577"]
[WhiteFideId "1457942"]
[BlackFideId "1417118"]
[EventDate "2017.07.22"]

1. d4 Nf6 2. Nc3 d5 3. Nf3 e6 4. Bg5 Be7 5. Bxf6 Bxf6 6. e4 dxe4 7. Nxe4 Nd7 8.
Bb5 O-O 9. Bxd7 Bxd7 10. Nxf6+ Qxf6 11. Ne5 Rfd8 12. O-O Bb5 13. Re1 c5 14. c3
cxd4 15. cxd4 Rac8 16. Re3 Bc6 17. Qg4 Rc7 18. Rd1 Bd5 19. h3 Rc2 20. Qg3 Rdc8
21. Kh2 Rxf2 22. Nf3 Rxb2 23. Rc1 Qd8 24. Rxc8 Qxc8 25. Rc3 Bc6 26. Ne5 Qe8 27.
Nxc6 bxc6 28. Qc7 Rxa2 29. Rxc6 h6 30. Rd6 Kh7 31. Qc4 Rb2 32. Qc3 Qb8 33. Qd3+
g6 34. Qa3 Qb7 35. d5 exd5 36. Qf3 Rb5 37. Rf6 Kg7 38. Rf4 Qc7 39. g3 Rb2+ 40.
Kg1 Qc5+ 41. Kf1 Qc1+ 42. Qd1 Qxd1# 0-1

[Event "Xtracon Chess Open 2017"]
[Site "Helsingor DEN"]
[Date "2017.07.23"]
[Round "3.211"]
[White "Cort Maleeva Hansen, Daniel Alexander"]
[Black "Tonnesen, Jan Ryder"]
[Result "0-1"]
[WhiteElo "1166"]
[BlackElo "1575"]
[WhiteFideId "1462644"]
[BlackFideId "1461869"]
[EventDate "2017.07.22"]

1. e4 c5 2. Nc3 Nc6 3. Nf3 Nf6 4. Bc4 d6 5. O-O Bg4 6. d3 Nd4 7. Re1 e5 8. Re3
Be7 9. Rb1 O-O 10. b4 b6 11. bxc5 dxc5 12. Ba6 Nh5 13. Nd5 Bg5 14. Re1 Bxf3 15.
gxf3 Bxc1 16. Rxc1 Qg5+ 17. Kf1 Nf4 18. Ne3 Qh5 19. Ng4 Qh3+ 20. Kg1 Qg2# 0-1

[Event "Xtracon Chess Open 2017"]
[Site "Helsingor DEN"]
[Date "2017.07.23"]
[Round "3.212"]
[White "Gelders, Marte"]
[Black "Shehzad, Alisha"]
[Result "0-1"]
[WhiteElo "1159"]
[BlackElo "1573"]
[WhiteFideId "255513"]
[BlackFideId "1521926"]
[EventDate "2017.07.22"]

1. d4 d5 2. Nf3 Nf6 3. e3 Bg4 4. Bd3 Nc6 5. O-O e6 6. Nbd2 Bd6 7. g3 e5 8. Qe1
e4 9. Be2 exf3 10. Nxf3 Bh3 11. e4 dxe4 12. Ng5 Bxf1 13. Bxf1 O-O 14. Nxe4 Nxe4
15. Qxe4 Qe7 16. Qd5 Qe6 17. Qh5 Qg6 18. Qb5 Rab8 19. Bd3 Qf6 20. Bg5 Qxd4 21.
c3 Qc5 22. Qxc5 Bxc5 23. b4 Bd6 24. f4 h6 25. Bh4 Rfe8 26. a4 Re3 27. Bf5 Rxc3
28. Rf1 Nxb4 29. g4 Re8 30. g5 hxg5 31. fxg5 Re2 32. Bg3 Bxg3 33. hxg3 Rxg3+ 34.
Kh1 Rgg2 35. a5 Rh2+ 36. Kg1 Reg2# 0-1

[Event "Xtracon Chess Open 2017"]
[Site "Helsingor DEN"]
[Date "2017.07.23"]
[Round "3.213"]
[White "Joensen, Sigurd"]
[Black "Schjolin, John"]
[Result "1-0"]
[WhiteElo "1567"]
[BlackElo "1145"]
[WhiteFideId "7200935"]
[BlackFideId "1439413"]
[EventDate "2017.07.22"]

1. e4 c5 2. Bc4 e5 3. Nc3 Nf6 4. d3 d6 5. h3 Nc6 6. Nf3 h6 7. a3 Be7 8. O-O O-O
9. Nh2 a6 10. Kh1 Nd4 11. f4 Be6 12. Bxe6 fxe6 13. fxe5 dxe5 14. Be3 Qb6 15. b3
Qa5 16. Bd2 Qd8 17. a4 b6 18. Ne2 b5 19. Nxd4 cxd4 20. Ng4 Qe8 21. Nxe5 Nh5 22.
Rxf8+ Bxf8 23. Qg4 Nf6 24. Qg6 Bd6 25. Qxe8+ Rxe8 26. Nf3 e5 27. axb5 axb5 28.
c3 Bc5 29. Ra5 Nd7 30. Rxb5 Rb8 31. Rxb8+ Nxb8 32. Nxe5 Kf8 33. c4 Na6 34. Nc6
Ke8 35. b4 Kd7 36. b5 Nc7 37. Ne5+ Ke6 38. Nf3 Bb6 39. Bb4 1-0

[Event "Xtracon Chess Open 2017"]
[Site "Helsingor DEN"]
[Date "2017.07.23"]
[Round "3.214"]
[White "Jacobsen, Fredrik Lytomt"]
[Black "Mansoor, Areeb"]
[Result "1-0"]
[WhiteElo "1551"]
[BlackElo "1059"]
[WhiteFideId "1519808"]
[BlackFideId "1535870"]
[EventDate "2017.07.22"]

1. d4 Nf6 2. Nc3 Nc6 3. Bf4 d5 4. Nb5 e5 5. dxe5 Nh5 6. Qd2 Bb4 7. c3 Ba5 8. Bg5
f6 9. exf6 Nxf6 10. Bxf6 Qxf6 11. Qxd5 Be6 12. Qd2 O-O 13. Nf3 Rad8 14. Qc2 Bg4
15. h3 Bxf3 16. gxf3 Rfe8 17. Bg2 Bb6 18. O-O Qg5 19. Na3 Re6 20. Qb3 Re8 21.
Nc4 Kh8 22. Ne3 Bxe3 23. fxe3 Rg6 24. Rf2 Rxe3 25. Qf7 h6 26. Qxc7 b6 27. Rd1
Re7 28. Rd7 Rxd7 29. Qxd7 Qc1+ 30. Kh2 Qf4+ 31. Kh1 Qg3 32. Kg1 Qf4 33. Qd3 Ne5
34. Qd4 Qf5 35. Kh1 Kh7 36. f4 Nf7 37. Qe4 Qc5 38. f5 Rf6 39. Qd4 Qxd4 40. cxd4
Rd6 41. d5 Rd8 42. e4 a5 43. Re2 Re8 44. Kg1 g6 45. f6 Kg8 46. Rf2 Nd6 47. e5
Nc8 48. e6 Kf8 49. Be4 g5 50. Bg6 Rd8 51. e7+ 1-0

[Event "Xtracon Chess Open 2017"]
[Site "Helsingor DEN"]
[Date "2017.07.24"]
[Round "4.1"]
[White "Vitiugov, Nikita"]
[Black "Kvon, Andrey"]
[Result "1/2-1/2"]
[WhiteTitle "GM"]
[BlackTitle "IM"]
[WhiteElo "2724"]
[BlackElo "2500"]
[WhiteFideId "4152956"]
[BlackFideId "14201356"]
[EventDate "2017.07.22"]

1. d4 Nf6 2. c4 e6 3. Nf3 c5 4. d5 b5 5. e4 Nxe4 6. Bd3 Nf6 7. O-O Bb7 8. Nc3
Be7 9. Nxb5 exd5 10. cxd5 d6 11. Nh4 O-O 12. Nf5 a6 13. Nc3 Nbd7 14. Bf4 Nb6 15.
Qf3 Bc8 16. Nxe7+ Qxe7 17. Qg3 Rd8 18. Qh4 Re8 19. Bd2 Bb7 20. Rae1 Qf8 21. Bg5
Nbd7 22. Bf5 Rxe1 23. Rxe1 Re8 24. Rf1 Re5 25. Bc2 h6 26. Bf4 Re8 27. Qg3 Nh5
28. Qd3 g6 29. Bc1 Ne5 30. Qd2 g5 31. Qd1 Nf4 32. Bf5 Qe7 33. g3 Nfg6 34. f4
gxf4 35. gxf4 Nc4 36. Qd3 Nh4 37. Bh3 Ne3 38. Rf2 f5 39. Re2 Qg7+ 40. Kf2 c4 41.
Qd2 Nhg2 42. Kf3 Nh4+ 43. Kf2 Nhg2 44. Kf3 1/2-1/2

[Event "Xtracon Chess Open 2017"]
[Site "Helsingor DEN"]
[Date "2017.07.24"]
[Round "4.2"]
[White "Delorme, Axel"]
[Black "Short, Nigel D"]
[Result "1/2-1/2"]
[WhiteTitle "IM"]
[BlackTitle "GM"]
[WhiteElo "2518"]
[BlackElo "2688"]
[WhiteFideId "632023"]
[BlackFideId "400025"]
[EventDate "2017.07.22"]

1. d4 Nf6 2. c4 e6 3. Nf3 Bb4+ 4. Bd2 Bxd2+ 5. Qxd2 O-O 6. Nc3 d5 7. e3 Qe7 8.
Qc2 Rd8 9. Rd1 b6 10. cxd5 exd5 11. Be2 c5 12. dxc5 bxc5 13. Na4 Nbd7 14. Rc1 c4
15. Nd4 Ne5 16. O-O Bd7 17. Nc3 Rab8 18. Nf3 g6 19. Rfd1 Bf5 20. Qd2 h5 21. Nxe5
Qxe5 22. h3 Rd7 23. Bf3 Bd3 24. b3 Be4 25. bxc4 dxc4 26. Nxe4 Rxd2 27. Nxd2 Qa5
28. Nxc4 Qxa2 29. Ne5 Re8 30. Nd7 Nh7 31. Ra1 Qe6 32. Rxa7 Rd8 33. Ra8 Rxa8 34.
Bxa8 Kg7 35. Rd4 h4 36. Bf3 Ng5 37. Be2 Qa2 38. Bc4 Qb1+ 39. Kh2 Qb2 40. Rf4 f5
41. Nc5 Qb6 42. Ne6+ Nxe6 43. Bxe6 Qxe6 44. Rxh4 g5 45. Rd4 Qa2 46. Kg1 Qb1+ 47.
Kh2 Qe1 48. Kg3 Kg6 49. Rd6+ Kf7 50. Kf3 Qb1 51. Rd4 Kf6 52. h4 Qb7+ 53. Ke2
gxh4 54. Rxh4 Qxg2 55. Rf4 Ke5 56. Ke1 Qg1+ 57. Ke2 Qb1 58. Rd4 Qb7 59. Rf4 Qh1
60. Rd4 Qh5+ 1/2-1/2

[Event "Xtracon Chess Open 2017"]
[Site "Helsingor DEN"]
[Date "2017.07.24"]
[Round "4.3"]
[White "Motylev, Alexander"]
[Black "Christiansen, Johan-Sebastian"]
[Result "1/2-1/2"]
[WhiteTitle "GM"]
[BlackTitle "IM"]
[WhiteElo "2680"]
[BlackElo "2471"]
[WhiteFideId "4121830"]
[BlackFideId "1512668"]
[EventDate "2017.07.22"]

1. e4 e6 2. d4 d5 3. Nc3 Nf6 4. e5 Nfd7 5. f4 c5 6. Nf3 Nc6 7. Be3 Be7 8. dxc5
O-O 9. Qd2 Qa5 10. O-O-O b6 11. Bb5 Nb4 12. a3 bxc5 13. Bxd7 Bxd7 14. axb4 cxb4
15. Nb1 1/2-1/2

[Event "Xtracon Chess Open 2017"]
[Site "Helsingor DEN"]
[Date "2017.07.24"]
[Round "4.4"]
[White "Hillarp Persson, Tiger"]
[Black "Hammer, Jon Ludvig"]
[Result "1/2-1/2"]
[WhiteTitle "GM"]
[BlackTitle "GM"]
[WhiteElo "2509"]
[BlackElo "2628"]
[WhiteFideId "1700812"]
[BlackFideId "1503707"]
[EventDate "2017.07.22"]

1. d4 Nf6 2. Nf3 g6 3. c3 Bg7 4. Bg5 h6 5. Bf4 d6 6. h3 Bf5 7. e3 O-O 8. Nbd2 c5
9. Bc4 cxd4 10. exd4 Qb6 11. Qb3 g5 12. Qxb6 axb6 13. Bh2 Na6 14. O-O Rfd8 15.
Rfe1 Bf8 16. Bf1 Bd7 17. Nc4 Nd5 18. Ne3 Nac7 19. c4 Nxe3 20. fxe3 b5 21. c5 Nd5
22. cxd6 exd6 23. a3 f5 24. Bd3 Re8 25. e4 fxe4 26. Bxe4 Bc6 27. Rac1 Re7 28.
Bb1 Rxe1+ 29. Rxe1 b4 30. axb4 Ra4 31. b5 Bxb5 32. Bf5 Nf6 33. d5 Kg7 34. Be6
Ne4 35. h4 Kf6 36. b3 Rb4 37. hxg5+ hxg5 38. g4 Nc5 39. Nd2 Rd4 40. Nc4 Bxc4 41.
bxc4 Rxc4 42. Rf1+ Ke7 43. Rf7+ Ke8 44. Rc7 Rc1+ 45. Kg2 Rc2+ 46. Kg1 Rc1+ 47.
Kg2 Rc2+ 48. Kg1 Rc1+ 1/2-1/2

[Event "Xtracon Chess Open 2017"]
[Site "Helsingor DEN"]
[Date "2017.07.24"]
[Round "4.5"]
[White "Sokolov, Ivan"]
[Black "Jepson, Christian"]
[Result "1-0"]
[WhiteTitle "GM"]
[BlackTitle "IM"]
[WhiteElo "2626"]
[BlackElo "2421"]
[WhiteFideId "14400030"]
[BlackFideId "1701185"]
[EventDate "2017.07.22"]

1. d4 d5 2. c4 e6 3. Nc3 Nf6 4. cxd5 exd5 5. Bg5 c6 6. e3 Nbd7 7. Bd3 Be7 8. h3
Nb6 9. Nf3 Nh5 10. Bxe7 Qxe7 11. Ne5 g6 12. O-O Ng7 13. Re1 O-O 14. e4 dxe4 15.
Nxe4 Be6 16. Nc5 Rad8 17. Re4 f5 18. Re2 Rxd4 19. Rc1 Rd5 20. b4 Qf6 21. Qe1 Bc8
22. a4 f4 23. a5 Rxe5 24. Rxe5 Nd5 25. Bc4 f3 26. Rxd5 cxd5 27. Bxd5+ Kh8 28.
Bxf3 b6 29. Ne4 Qf4 30. Rc3 bxa5 31. bxa5 Ne6 32. Rc4 Qe5 33. Qb4 Kg8 34. Bg4
Ba6 35. Bxe6+ Qxe6 36. Rc7 Qe5 37. Rxa7 Bc8 38. Qe7 Qxe7 39. Rxe7 Bf5 40. g4 1-0

[Event "Xtracon Chess Open 2017"]
[Site "Helsingor DEN"]
[Date "2017.07.24"]
[Round "4.6"]
[White "Hector, Jonny"]
[Black "Saric, Ivan"]
[Result "0-1"]
[WhiteTitle "GM"]
[BlackTitle "GM"]
[WhiteElo "2497"]
[BlackElo "2621"]
[WhiteFideId "1700090"]
[BlackFideId "14508150"]
[EventDate "2017.07.22"]

1. e4 c5 2. Nf3 Nc6 3. Nc3 g6 4. d4 cxd4 5. Nxd4 Bg7 6. Nb3 Nf6 7. Be2 O-O 8.
O-O a6 9. Re1 b5 10. Bf1 d6 11. Bg5 h6 12. Bh4 Bb7 13. f3 Rc8 14. Qd2 Ne5 15.
Rad1 Qc7 16. Bxf6 Bxf6 17. Qxh6 b4 18. Nd5 Bxd5 19. exd5 Qb6+ 20. Kh1 Rxc2 21.
Rd2 Rfc8 22. Qh3 Bg5 23. Rd4 Kg7 24. Rde4 Qf2 25. Qg3 Qxg3 26. hxg3 Rxb2 27. f4
Ng4 28. R4e2 Rxb3 29. axb3 Bf6 30. Rd1 Rc3 31. Ra2 Rxb3 32. Bxa6 Ra3 33. Rxa3
bxa3 34. Rd2 Ne3 35. Bd3 Nxd5 36. Bc4 Nb4 37. g4 Bc3 38. Re2 d5 39. Bb3 e6 40.
Kg1 d4 41. Kf1 Nd3 42. f5 Nc1 43. fxe6 fxe6 44. Bxe6 Nxe2 45. Kxe2 Kf6 46. Bc4
Kg5 47. Kf3 d3 48. Ke3 d2 49. Ke2 Kxg4 50. Be6+ Kg3 51. Bd5 g5 52. Kd1 Bb4 53.
Ke2 g4 54. Kd1 Kf2 0-1

[Event "Xtracon Chess Open 2017"]
[Site "Helsingor DEN"]
[Date "2017.07.24"]
[Round "4.7"]
[White "Bosiocic, Marin"]
[Black "Das, Arghyadip"]
[Result "1-0"]
[WhiteTitle "GM"]
[BlackTitle "IM"]
[WhiteElo "2616"]
[BlackElo "2416"]
[WhiteFideId "14507927"]
[BlackFideId "5003610"]
[EventDate "2017.07.22"]

1. d4 Nf6 2. c4 g6 3. Nc3 d5 4. cxd5 Nxd5 5. e4 Nxc3 6. bxc3 Bg7 7. Nf3 c5 8.
Be3 Qa5 9. Qd2 Nc6 10. Rb1 a6 11. Rc1 cxd4 12. cxd4 Qxd2+ 13. Kxd2 e6 14. h4 O-O
15. e5 Bd7 16. h5 Rfc8 17. hxg6 hxg6 18. Rb1 Rc7 19. Bg5 Be8 20. Bd3 Ne7 21. Rh4
Bc6 22. Rbh1 Bxf3 23. gxf3 Kf8 24. Rh7 Ng8 25. Ke2 Rac8 26. Bd2 Ne7 27. Bg5 Ng8
28. a4 Rc3 29. Rb1 R3c7 30. Be4 Rb8 31. a5 Rd7 32. Be3 Ne7 33. Bg5 Ng8 34. Ke3
Rc7 35. Rb6 Ne7 36. Kf4 Rd7 37. Bf6 Bxf6 38. exf6 Ng8 39. Ke5 Rbd8 40. Rxb7 Rxb7
41. Bxb7 Rb8 42. Bc6 Rb2 43. Rh1 Rb4 44. d5 exd5 45. Bxd5 Rb8 46. Bc6 Rc8 47.
Rc1 Rc7 48. Rc2 Rc8 49. Ba4 Rb8 50. Bd7 1-0

[Event "Xtracon Chess Open 2017"]
[Site "Helsingor DEN"]
[Date "2017.07.24"]
[Round "4.8"]
[White "Sonis, Francesco"]
[Black "Agdestein, Simen"]
[Result "1/2-1/2"]
[WhiteTitle "IM"]
[BlackTitle "GM"]
[WhiteElo "2440"]
[BlackElo "2604"]
[WhiteFideId "895733"]
[BlackFideId "1500015"]
[EventDate "2017.07.22"]

1. Nf3 Nf6 2. c4 b6 3. g3 Bb7 4. Bg2 c5 5. O-O e6 6. Nc3 Be7 7. Re1 d6 8. e4 Qc7
9. d4 cxd4 10. Nxd4 a6 11. Be3 O-O 12. Rc1 Nbd7 13. f4 Rfc8 14. g4 Nf8 15. g5
N6d7 16. f5 Qd8 17. fxe6 fxe6 18. Bh3 Bxg5 19. Nxe6 Nxe6 20. Bxe6+ Kh8 21. Qxd6
Rc6 22. Qxd7 Bxe3+ 23. Rxe3 Qg5+ 24. Kf2 Qf4+ 25. Rf3 Qxh2+ 26. Kf1 Qh1+ 27. Ke2
Qxc1 28. Qxb7 Rd8 29. Qxc6 Rd2+ 30. Ke3 Rd1+ 31. Kf2 Rf1+ 32. Kg2 Rg1+ 33. Kh2
Rh1+ 34. Kg3 Rg1+ 35. Kh2 Rh1+ 36. Kg3 Rg1+ 37. Kh2 Rh1+ 1/2-1/2

[Event "Xtracon Chess Open 2017"]
[Site "Helsingor DEN"]
[Date "2017.07.24"]
[Round "4.9"]
[White "Vocaturo, Daniele"]
[Black "Colpe, Malte"]
[Result "1-0"]
[WhiteTitle "GM"]
[WhiteElo "2592"]
[BlackElo "2412"]
[WhiteFideId "813192"]
[BlackFideId "24623075"]
[EventDate "2017.07.22"]

1. e4 c5 2. Nf3 Nc6 3. Nc3 g6 4. d4 cxd4 5. Nxd4 Bg7 6. Be3 Nf6 7. Bc4 O-O 8.
Bb3 a6 9. O-O Qc7 10. h3 b5 11. Nxc6 dxc6 12. Bc5 a5 13. a3 Nh5 14. Qf3 Nf4 15.
Rad1 Ne6 16. Bxe6 Bxe6 17. Qe3 Rfb8 18. b3 a4 19. Ne2 axb3 20. cxb3 Bb2 21. Rd2
Bxa3 22. b4 Bc4 23. Rfd1 Rd8 24. Bb6 Rxd2 25. Rxd2 Qe5 26. Bd4 Qc7 27. Bb6 Qe5
28. Bd4 Qc7 29. Qc3 c5 30. Bxc5 Qb7 31. Ng3 f6 32. Rd1 Ra4 33. e5 Kf7 34. exf6
exf6 35. Re1 Be6 36. Ne4 1-0

[Event "Xtracon Chess Open 2017"]
[Site "Helsingor DEN"]
[Date "2017.07.24"]
[Round "4.10"]
[White "Ikeda, Junta"]
[Black "Andersen, Mads"]
[Result "1/2-1/2"]
[WhiteTitle "IM"]
[BlackTitle "GM"]
[WhiteElo "2427"]
[BlackElo "2586"]
[WhiteFideId "3204731"]
[BlackFideId "1413864"]
[EventDate "2017.07.22"]

1. Nf3 c5 2. g3 Nc6 3. d4 cxd4 4. Nxd4 g6 5. Bg2 Bg7 6. Nxc6 bxc6 7. c4 Rb8 8.
Qc2 Qa5+ 9. Nd2 Nf6 10. O-O O-O 11. Nf3 c5 12. e4 d6 13. Bd2 Qa6 14. b3 Bg4 15.
Nh4 Nd7 16. Bc3 Ne5 17. h3 Bd7 18. f4 Nc6 19. Bxg7 Kxg7 20. Nf3 Qb6 21. Rad1
Rbd8 1/2-1/2

[Event "Xtracon Chess Open 2017"]
[Site "Helsingor DEN"]
[Date "2017.07.24"]
[Round "4.12"]
[White "Getz, Nicolai"]
[Black "Martinovic, Sasa"]
[Result "1/2-1/2"]
[WhiteTitle "IM"]
[BlackTitle "GM"]
[WhiteElo "2415"]
[BlackElo "2570"]
[WhiteFideId "1505572"]
[BlackFideId "14509792"]
[EventDate "2017.07.22"]

1. f4 d5 2. Nf3 Nf6 3. g3 c5 4. Bg2 Nc6 5. O-O g6 6. d3 Bg7 7. c3 O-O 8. Na3 b6
9. Qc2 Ba6 10. Rd1 Qc7 11. b4 Bb7 12. bxc5 bxc5 13. Rb1 a6 14. Be3 Nd7 15. Bf2
Rab8 16. e4 e6 17. e5 Rfc8 18. c4 Nb4 19. Qd2 Bf8 20. h4 Nb6 21. Qe2 Rd8 22. h5
Be7 23. hxg6 hxg6 24. Nh4 dxc4 25. Nxc4 Bxg2 26. Kxg2 Qc6+ 27. Nf3 Nxc4 28. dxc4
Qa4 29. Rxd8+ Rxd8 30. Rb2 Qa3 31. Rd2 Rxd2 32. Qxd2 Qxa2 33. Qd7 Kf8 34. Qc8+
Kg7 35. Qd7 Kf8 36. Qc8+ Kg7 37. Qd7 Kf8 1/2-1/2

[Event "Xtracon Chess Open 2017"]
[Site "Helsingor DEN"]
[Date "2017.07.24"]
[Round "4.13"]
[White "Holm, Kristian Stuvik"]
[Black "Sunilduth Lyna, Narayanan"]
[Result "1/2-1/2"]
[WhiteTitle "IM"]
[BlackTitle "GM"]
[WhiteElo "2403"]
[BlackElo "2564"]
[WhiteFideId "1508083"]
[BlackFideId "5058422"]
[EventDate "2017.07.22"]

1. Nf3 d5 2. d4 Bf5 3. c4 e6 4. Nc3 c6 5. Qb3 Qb6 6. c5 Qc7 7. Bf4 Qc8 8. e3 Nf6
9. h3 Be7 10. Be2 Nbd7 11. Qa4 O-O 12. O-O Bd8 13. b4 Bc7 14. Rad1 Re8 15. Bd3
Bg6 16. Bxg6 hxg6 17. Bxc7 Qxc7 18. b5 e5 19. bxc6 bxc6 20. Rb1 exd4 21. exd4
Rab8 22. Rb3 Nh5 23. Rfb1 Nf4 24. Qa6 Rxb3 25. Rxb3 Rb8 26. g3 Ne6 27. h4 Rxb3
28. axb3 Nb8 29. Qa4 Qb7 30. b4 a6 31. Kg2 f6 32. Qa5 Nd7 33. Kf1 Kf7 34. Ke2
Qc8 35. Qa4 Nb8 36. Qa5 Nc7 37. Qb6 Nb5 38. Nxb5 axb5 39. Qa7+ Kf8 40. Qa8 Ke7
41. Qa7+ Kf8 42. Qa8 1/2-1/2

[Event "Xtracon Chess Open 2017"]
[Site "Helsingor DEN"]
[Date "2017.07.24"]
[Round "4.14"]
[White "Hoi, Carsten"]
[Black "Urkedal, Frode"]
[Result "0-1"]
[WhiteTitle "GM"]
[BlackTitle "GM"]
[WhiteElo "2356"]
[BlackElo "2543"]
[WhiteFideId "1400100"]
[BlackFideId "1506102"]
[EventDate "2017.07.22"]

1. d4 Nf6 2. c4 e6 3. Nc3 Bb4 4. e3 O-O 5. Bd3 d5 6. Ne2 dxc4 7. Bxc4 c5 8. O-O
cxd4 9. exd4 Nc6 10. a3 Bd6 11. h3 h6 12. Be3 Ne7 13. Qd2 b6 14. Rad1 Bb7 15.
Bd3 Nf5 16. Bxf5 exf5 17. d5 Re8 18. Bf4 Bf8 19. Ng3 Qd7 20. Qd3 Ne4 21. Ngxe4
fxe4 22. Qg3 Kh7 23. Rfe1 f5 24. h4 Ba6 25. d6 Re6 26. Nd5 Rg6 27. Qh3 Bd3 28.
h5 Rg4 29. Rxd3 exd3 30. Qxd3 Qf7 31. g3 Qxh5 32. Ne3 Rxf4 33. gxf4 Qg6+ 34. Kf1
Bxd6 35. Nxf5 Rf8 36. Qxd6 Qxf5 37. Re7 Rf6 38. Qe5 Qd3+ 39. Qe2 Qh3+ 40. Ke1
Rxf4 41. Qc2+ Kg8 42. Re8+ Kf7 43. Re3 Qh1+ 0-1

[Event "Xtracon Chess Open 2017"]
[Site "Helsingor DEN"]
[Date "2017.07.24"]
[Round "4.15"]
[White "Hjartarson, Johann"]
[Black "Vestby-Ellingsen, Mads"]
[Result "1/2-1/2"]
[WhiteTitle "GM"]
[WhiteElo "2541"]
[BlackElo "2175"]
[WhiteFideId "2300044"]
[BlackFideId "1520857"]
[EventDate "2017.07.22"]

1. e4 c5 2. b3 g6 3. Bb2 Nf6 4. e5 Nd5 5. g3 Bg7 6. Bg2 Nb6 7. Bc3 Nc6 8. a4 a5
9. e6 O-O 10. exf7+ Rxf7 11. Bxg7 Kxg7 12. Nf3 e5 13. d3 Qf6 14. Nbd2 d5 15. O-O
Bd7 16. c3 Raf8 17. Qe2 Bg4 18. h3 Bxf3 19. Nxf3 Re7 20. Rac1 Na8 21. Nh2 Nc7
22. Ng4 Qd6 23. h4 Ne8 24. Qd2 Nf6 25. Qh6+ Kg8 26. Nxf6+ Rxf6 27. Rce1 Rfe6 28.
Re2 e4 29. dxe4 dxe4 30. Rfe1 Qd5 31. Bh3 Rf6 32. Qg5 Qxg5 33. hxg5 Rf3 34. Rxe4
Rxe4 35. Rxe4 Rxc3 36. Bc8 Nd4 37. Bxb7 Nxb3 38. Re7 Rd3 39. Rc7 Rd4 40. Bc6 c4
41. Bb5 Nd2 42. Kg2 Ne4 43. Rxc4 Rxc4 44. Bxc4+ Kg7 45. f4 h6 46. Bd3 Nc5 47.
gxh6+ Kxh6 48. Bc2 Kg7 49. Kf3 Kf6 50. Kg4 Nb7 51. Kh4 Nc5 52. g4 g5+ 53. fxg5+
Kg7 54. Kg3 Ne6 55. g6 Nf8 56. Kf4 Nxg6+ 57. Bxg6 Kxg6 58. Ke5 Kg5 59. Kd6 Kxg4
60. Kc6 Kf5 61. Kb6 Ke6 62. Kxa5 1/2-1/2